000 00656 a2200205 4500
001 62962
005 20260407155924.0
008 260407a1971 arg spa d
003 AR-UNSa-BCEJYS
040 _aAR-UNSa-BCEJYS
_bspa
_cAR-UNSa-BCEJYS
080 _a336.221
_xTributación
245 1 0 _aAnales del primer congreso interamericano de la tributación
264 1 _aBuenos Aires :
_bEdiciones Depalma
_c1971
300 _a605 p.
_c23 cm.
041 _aspa
942 _cBK
590 _aniveau_biblio:m niveau_hierar:0
100 1 _aCongreso Interamericano de la Tributación (1º : 1970 nov. 1-8 : Rosario, Argentina)
700 1 _aJuano, Manuel de
999 _c7904
_d7904